000 00298nam a22001337a 4500
008 170504b xxu||||| |||| 00| 0 eng d
020 _a9781422470350
041 _aeng
080 _22ND
_a343.9
100 _a15
101 _aSHJ
245 _aWHITE COLLAR CRIME
_cSTRATER, J.K
942 _2udc
_cBK
999 _c12720
_d12720